| 000 | 00473nam a2200157 4500 | ||
|---|---|---|---|
| 001 | 138521 | ||
| 003 | ES-MaACL | ||
| 005 | 20230906195600.0 | ||
| 007 | t| | ||
| 008 | 070214q1913 sp r ||||1| spa d | ||
| 100 | 1 |
_aSan Pedro, Diego de. _9102290 |
|
| 245 | 1 | 0 |
_aCárcel de amor _b: novela / _ccompuesta por el Bachiller Diego de San Pedro, Alcaide de Peñafiel. |
| 260 |
_aMadrid : _bRenacimiento, _c[1913?] |
||
| 300 |
_a214 p. ; _c18 cm. |
||
| 852 |
_aES-MaACL _jF-2855 |
||
| 999 |
_c138521 _d138521 |
||